JEOPARDY! Category Blitz - ♫ to Jeopardy Theme ♫ Quiz Stats

Quiz Updated Nov 9, 2017

Challenge
Share
Tweet
Score 0/24 Timer 01:30
3 Plays Today
Category The Answer Is... % Correct
4-______ WORDSLETTER
92.6%
CLASSICAL _____MUSIC
88.6%
______ OF WATERBODIES
88.6%
FOOD & _____DRINK
87.6%
COLLEGES & ____________UNIVERSITIES
85.6%
FRUITS & __________VEGETABLES
84%
RHYME ____TIME
83.8%
ALSO _____ ASKNOWN
82.8%
DIARIES & _______JOURNALS
72.5%
_______ & MEASURESWEIGHTS
71%
_____ & MINERALSROCKS
71%
WORLD _________GEOGRAPHY
70.2%
Category The Answer Is... % Correct
THE 50 ______STATES
67.5%
POTENT ________POTABLES
66.4%
SCIENCE & ______NATURE
65.9%
________ & OBSERVANCESHOLIDAYS
62.7%
_____ CRAZY, ME DRIVING?YOU'RE
61.8%
BOOKS & _______AUTHORS
49.3%
WILL FERRELL MOVIES BY _____QUOTE
48.9%
ANNUAL ______EVENTS
42.4%
______ BONDSCOMMON
39.1%
MUSICAL ___________INSTRUMENTS
38.9%
_______ WORDS & PHRASESFOREIGN
34.7%
WORD _______ORIGINS
34.2%

You're not logged in!

Compare scores with friends on all Sporcle quizzes.
Join for Free
OR
Log In

You Might Also Like...

Show Comments

Extras

Top Quizzes Today


Score Distribution

Your Account Isn't Verified!

In order to create a playlist on Sporcle, you need to verify the email address you used during registration. Go to your Sporcle Settings to finish the process.

Report this User

Report this user for behavior that violates our Community Guidelines.

Details: